| 000 | 00890nam a22002295i 4500 | ||
|---|---|---|---|
| 001 | 166446 | ||
| 003 | ES-MaACL | ||
| 005 | 20250727024456.0 | ||
| 008 | 010221s1891 fr a |||| | fre d | ||
| 040 |
_aCCPB | B _bspa _cCCPB | B |
||
| 080 | _a572 | ||
| 100 | 1 |
_aTopinard, Paul. _9133296 |
|
| 245 | 1 | 2 |
_aL'homme dans la nature / _cpar Paul Topinard. |
| 260 |
_aParis : _bAncienne Librairie Germer Baillière et Cie, Félix Alcan, _c1891 ( _eImprimerie Lahure) |
||
| 300 |
_aVIII, 352 p. : _bil. ; _c22 cm. |
||
| 490 | 1 |
_aBibliothèque scientifique internationale ; _v73 |
|
| 599 | 1 | _aLas il. restos fósiles humanos. | |
| 650 | 7 |
_aAntropología física _2embne _99893 |
|
| 830 | 0 |
_aBibliothèque scientifique internationale ; _v73 _9186949 |
|
| 852 |
_aES-MaACL _jF-14402 _z-- Enc. editiorial en tela _z-- Enc. con 32 p. del catálogo editorial |
||
| 999 |
_c166446 _d166446 |
||